ALL Lyrics: Harper Valley PTA by Dolly Parton - Statistics

General Stats
  • This quiz has been taken 12 times
  • The average score is 260 of 326
Answer Stats
Harper Valley PTA by Dolly Parton % Correct
a
100%
all
100%
'bout
100%
Harper
100%
I
100%
it
100%
mother
100%
my
100%
PTA"
100%
PTA
100%
story
100%
tell
100%
the
100%
to
100%
Valley
100%
Who
100%
you
100%
afternoon
89%
at
89%
attended
89%
daughter
89%
dresses
89%
fit
89%
from
89%
had
89%
happened
89%
her
89%
here
89%
High
89%
high"
89%
home
89%
in
89%
Junior
89%
little
89%
me
89%
men
89%
mini
89%
Mr
89%
"Mrs
89%
Mrs
89%
note
89%
on
89%
one
89%
room
89%
runnin'
89%
said,
89%
said
89%
skirt
89%
socked
89%
that
89%
That
89%
too
89%
town?
89%
want
89%
way
89%
way"
89%
we
89%
your
89%
and
78%
And
78%
as
78%
bar
78%
be
78%
black
78%
board,
78%
by
78%
came
78%
can
78%
couldn't
78%
day
78%
did,
78%
didn't
78%
even
78%
gin
78%
girl
78%
goin'
78%
gonna
78%
got
78%
into
78%
It's
78%
Johnson,
78%
Johnson
78%
just
78%
leave
78%
"Mama,
78%
mama
78%
meet
78%
nip
78%
of
78%
ought
78%
play
78%
really
78%
round
78%
she
78%
She
78%
stop
78%
surprised
78%
teenage
78%
they
78%
this
78%
very
78%
was
78%
Well,
78%
Well
78%
were
78%
wife
78%
wild
78%
with
78%
word
78%
wore
78%
again
67%
ain't
67%
asked
67%
away
67%
believe
67%
bringin'
67%
date
67%
don't
67%
for
67%
have
67%
he's
67%
ice
67%
"I'd
67%
if
67%
is
67%
I've
67%
like
67%
long
67%
meeting
67%
say
67%
secretary,
67%
secretary
67%
seems
67%
she's
67%
shouldn't
67%
signed
67%
sure
67%
then
67%
think
67%
up
67%
us
67%
walked
67%
why
67%
widow
67%
wouldn't
67%
you're
67%
address
56%
because
56%
breath,
56%
'cause
56%
completely
56%
down
56%
drinkin'
56%
hypocrites
56%
keep
56%
lot
56%
nerve
56%
put
56%
recall
56%
seven
56%
shades
56%
Shirley
56%
smell
56%
stayed
56%
still
56%
Taylor
56%
times,
56%
use
56%
whenever
56%
you've
56%
been
44%
boy,
44%
Kelly's
44%
Payton
44%
place
44%
pulled
44%
reported
44%
there,
44%
told
44%
wearing
44%
window
44%
you'll
44%
'em
33%
find
33%
Jones
33%
Now
33%
sittin'
33%
there's
33%
Thompson's
33%
Baker
22%
Bobby
22%
No matching quizzes found
Score Distribution
Percent of People with Each Score
Percentile by Number Answered
Your Score History
You have not taken this quiz